| 000 | 00922nam a2200217Ia 4500 | ||
|---|---|---|---|
| 001 | 21610 | ||
| 005 | 20260420125819.0 | ||
| 008 | 260320s9999||||xx |||||||||||||| ||und|| | ||
| 041 | _aESP | ||
| 082 |
_a658.3124 _bP17 |
||
| 100 |
_aPain, Abraham, _eAUT |
||
| 245 | 0 | _aCómo evaluar las acciones de capacitación | |
| 260 |
_aLima : _bEdiciones Granica, _c1991 |
||
| 300 |
_a171 páginas : _c22 cm. |
||
| 650 | _aTCA | ||
| 653 | _aAdministración; Gerencia de personal; Capacitación de personal; Adiestramiento | ||
| 654 | _aCAN | ||
| 856 |
_uhttps://0u213x7j5-y-https-ebooks7--24-com.itmsp.museknowledge.com/visorBook.aspx?i=10376&t=BDC118F5-BA33-4501-A06B-431CF6BE0C04 _zVéase además: Capacitando al personal, por Enrique Louffat. Versión digital |
||
| 856 |
_uhttps://itmsp.museknowledge.com/UCSP?groupID=2&action=source&sourceID=eBooks724 _zVéase además: Base de datos Ebook7-24 |
||
| 942 |
_cLIB _dJUS _fTRC _2ddc |
||
| 999 |
_c21610 _d21610 |
||